The Voice Kids (France) - les vainqueurs - Statistiques

Statistiques générales
  • Ce quiz a été pris 10 fois
  • Le résultat moyen est 8 sur 11
Statistiques - réponses
Saison Coach Vainqueur % Correct
Saison 1 - 2014 Jenifer Carla
100%
Saison 5 - 2018 Jenifer Emma
90%
Saison 3 - 2016 Matt Pokora Manuela
90%
Saison 4 - 2017 Patrick Fiori Angelina
70%
Saison 2 - 2015 Patrick Fiori Jane
70%
Saison 10 - 2024 Lara Fabian Tim
70%
Saison 11 - 2025 Patrick Fiori Charlotte
60%
Saison 6 - 2019 Amel Bent Soan
60%
Saison 9 - 2023 Slimane Durel
50%
Saison 8 - 2022 Patrick Fiori Raynaud
50%
Saison 7 - 2020 Patrick Fiori Rebecca
50%
Aucun quiz correspondant
Distribution des résultats
% des personnes avec chaque résultat
Percentile par nombre de réponses
Votre historique - résultats
Vous n’avez pas pris ce quiz